M-learning - nová forma e-learningu?

Vyučovanie pomocou mobilných zariadení. M-learning, mobile-learning, mobilné vyučovanie. Možnosti a využitie v edukačnom procese. Tvorba učiva pre m-learning pri výučbe jazykov. Spôsob získavania potrebných informácií a vedomostí.

Uložené v:
Podrobná bibliografia
Hlavný autor: Pšenáková, Ildikó
Médium: Kapitola
Jazyk:Slovak
Predmet:
Tagy: Pridať tag
Žiadne tagy, Buďte prvý, kto otaguje tento záznam!

MARC

LEADER 00000nla$a2200000$$$4500
001 0113471
005 20221128083543.5
041 0 |a slo 
044 |a SK 
245 1 0 |a M-learning - nová forma e-learningu?  |c Ildikó Pšenáková 
520 |a Vyučovanie pomocou mobilných zariadení. M-learning, mobile-learning, mobilné vyučovanie. Možnosti a využitie v edukačnom procese. Tvorba učiva pre m-learning pri výučbe jazykov. Spôsob získavania potrebných informácií a vedomostí. 
610 2 0 |a vzdelávanie elektronické 
610 2 0 |a vedomosti 
610 2 0 |a jazyky cudzie 
610 2 0 |a pomôcky učebné 
610 2 0 |a prostriedky audiovizuálne 
610 2 0 |a technológie komunikačné 
610 2 0 |a technológie obrazové 
610 2 0 |a telefón mobilný 
100 1 |a Pšenáková, Ildikó